000 00496nam a2200181Ia 4500
001 10760
005 20260306161856.0
008 260306t1995||||xx |||||||||||||| ||spa||
041 _aESP
082 _a949.2
_bH59
100 _aServicio de Información al Extranjero del Ministerio neerlandès de Relaciones Exteriores
_eAUT
245 0 _aHistoria de los países bajos
260 _c1995
300 _a72 páginas :
_c21 cm.
650 _aGEN
654 _aCHU
942 _cLIB
_dJUS
_fJUS
_2ddc
_n
999 _c10760
_d10760